000 00675nam a2200241 i 4500
001 bg
100 1 _aSAUNDERS, Edmund J.
245 1 0 _aKontrola wewnętrzna w bankowości /
_cEdmund J. Saunders ; Fundacja Rozwoju Rachunkowości w Polsce.
250 _aWyd.2 uzup.
260 _aWarszawa :
_bFRRwP,
_c1996.
300 _a444 s. ;
_c24 cm.
490 1 _aBankowość
650 9 _aBanki
_xkontrola
_zPolska
710 0 _aFundacja Rozwoju Rachunkowości w Polsce
830 _aBankowość
020 _a8386543027
040 _cBPK
041 0 _apl
080 _a336.71(438)
920 _a83-86543-02-7
942 _cKS
008 s pl f |000 0 pol
999 _c40161
_d40161
856 _uhttp://koha.tu.koszalin.pl/cgi-bin/koha/opac-detail.pl?biblionumber=40161
_yKatalog online BPK